| 000 | 00487nam a2200157 4500 | ||
|---|---|---|---|
| 001 | 122780 | ||
| 003 | ES-MaACL | ||
| 005 | 20230906192036.0 | ||
| 007 | t| | ||
| 008 | 070214s1921 fr r ||||1| fre d | ||
| 100 | 1 |
_aProd'homme, Jacques Gabriel. _9139363 |
|
| 245 | 1 | 3 |
_aLa jeunesse de Beethoven _b: (1770-1800) / _cJ.-G. Prod'homme. |
| 260 |
_a[S. l.] : _b[s. n.], _c1921 ( _eAbbeville (Somme [Francia] : _fF. Paillart) |
||
| 300 |
_a386 p. ; _c24 x 18 cm. |
||
| 852 |
_aES-MaACL _jD-59 |
||
| 999 |
_c122780 _d122780 |
||